Ένα στα πέντε
Αποθηκεύτηκε σε:
| Κύριος συγγραφέας: | |
|---|---|
| Μορφή: | Βιβλίο |
| Γλώσσα: | Greek |
| Δημοσίευση: |
Θεσσαλονίκη :
Ωρίωνας,
2011.
|
| Θέματα: | |
| Ετικέτες: |
Προσθήκη ετικέτας
Δεν υπάρχουν, Καταχωρήστε ετικέτα πρώτοι!
|
MARC
| LEADER | 00000cam a2200000 i 4500 | ||
|---|---|---|---|
| 001 | 1/17397 | ||
| 008 | 120124s2011 gr |||||||||||||| ||gre|| | ||
| 020 | |a 9789609885973 |q (χαρτόδετο) | ||
| 035 | |l 10111700 | ||
| 040 | |a GR-MY-UA |b gre |e aacr | ||
| 041 | 0 | |a gre | |
| 082 | 0 | |a 889.3 |2 (22) | |
| 100 | 1 | |a Παπαθεοδωράκη, Μαρία. | |
| 245 | 1 | 0 | |a Ένα στα πέντε / |c Μαρία Παπαθεοδωράκη. |
| 260 | |a Θεσσαλονίκη : |b Ωρίωνας, |c 2011. | ||
| 300 | |a 138 σ. ; |b εικ.; |c 23 εκ. | ||
| 650 | 0 | 0 | |a Greek drama. |
| 650 | 0 | 0 | |a Greek fiction, Modern |y 21st century. |
| 852 | |a INST |b CHIOS |e 20120124 |h 889.2 ΠΑΠ |p 005200033158 |q 005200033158 |t BK |y 0 | ||
| 852 | |a INST |b LEMNOS |e 20120124 |h 889.3 ΠΑΠ |p 005600000606 |q 005600000606 |t BK |y 0 | ||
| 852 | |a INST |b RHODES |e 20140304 |h 889.3 ΠΑΠ |p 005400036275 |q 005400036275 |t BK |y 0 | ||
| 852 | |a INST |b SAMOS |e 20120823 |h 889.3 ΠΑΠ |p 005300033640 |q 005300033640 |t BK |y 0 | ||
| 852 | |a INST |b SYROS |e 20120426 |h 889.3 ΠΑΠ |p 005500010177 |q 005500010177 |t BK |y 0 | ||
| 901 | |a BIBL3-2012-2 | ||
| 901 | |a BIBL5-2012-1 | ||
| 901 | |a BIBL6-2012-1 | ||
| 901 | |a BIBL2-2012-1 | ||
| 901 | |a BIBL4-2014-1 | ||
| 909 | |a Σ |b 172403 | ||
| 909 | |a Ε |b 170056 | ||
| 909 | |a Μ |b 160973 | ||
| 909 | |a Χ |b 168885 | ||
| 909 | |a Ρ |b 182781 | ||
| 970 | |a Πανταζή |b Αντωνία |z 2012/01/24 | ||